000 00924nam a22002657a 4500
001 BR7575097
003 BR-BrBNA
005 20230928084848.0
007 ta
008 230509b bl.||||| |||| 00| 0 por d
040 _aBR-BrBNA
_bpor
_cBiblioteca Nacional de Agricultura
041 _a(Por)
072 _aE70
_b/G514
090 _ E70 BR7575097
110 1 _aFederacao da Agricultura do Estado do Rio Grande do Sul, Porto Alegre (Brasil)
_94578
111 1 _aEncontro Regional da Agropecuaria
_cPorto Alegre, RS (Brazil)
_d22 Apr 1975
245 1 _aEncontro regional da agropecuaria, documento basico. Politica de precos, industrializacao e comercializacao de produtos agropecuarios [Brasil]
260 3 _aPorto Alegre, RS (Brasil):
_c1975.
300 _a104 p.
650 _aComercializacao
650 _aPolitica de preco
650 _aIndustrializacao
909 _a202309
_bLucia
_c55
_dLucia Elande
942 _cBK
999 _c21533
_d21533